| 000 | 00342nam a2200097Ia 4500 | ||
|---|---|---|---|
| 008 | 180130s9999 xx 000 0 und d | ||
| 245 |
_cGrosinger, Jasmin _aFeasibility of backscatter RFID systems on the human body |
||
| 260 | _c2016 | ||
| 300 | _aBook title: Embedded system design--Acession number C20733; pages 64-73 | ||
| 650 | _aSYSTEM DESIGN | ||
| 999 |
_c354354 _d354354 |
||